00415nam a2200157Ia 45000010006000000050017000060080041000230410008000640820018000721000039000902450075001292600009002043000028002136500008002416540008002492488420260414151113.0260414t2019||||xx |||||||||||||| ||spa|| aESP a346bR22 T. 2 aRamírez Gastón, Germán,eAUT 0aCongreso internacional de derecho civil :biálogo entre disciplinas c2019 a637 páginas :c25 cm. aDER aCDE